000 01096nam a22002537a 4500
005 20080905121451.0
008 080905t xxu||||| |||| 00| 0 hin d
010 _aHIN-92863
020 _c150.00
_a9788190472838
035 _aHN-65209
037 _bDBAD / PUB
040 _aDPL
_bHN
082 _a
100 _aपरशरामाणी, नन्दलाल
_928442
245 _aआधा आकाश /
_cनन्दलाल परशरामाणी
246 _aAdha Akash
_bby Nandlal Parashramani
260 _aजयपुर
_bनिकिता प्रकाशन गृह
_c2010
270 _a9, सतीजी की बगीची, मोतीडूंगरी रोड़
_bजयपुर
300 _a144पृ
_c22सेमी (सजिल्द)
650 _928443
_aलघु कथाएँ, हिन्दी
650 _aShort Stories, Hindi
_928455
942 _adpl
_cHN
_2ddc
_mपरश
_h
999 _c52754
_d52754